| 000 | 00672nam a2200181 i 4500 | ||
|---|---|---|---|
| 001 | 79225 | ||
| 003 | ES-MaACL | ||
| 005 | 20230906173930.0 | ||
| 007 | t| | ||
| 008 | 041020s1951 sp ||||1| spa d | ||
| 100 | 1 |
_aHenglein, F. A. _962534 |
|
| 245 | 1 | 0 |
_aCompendio de Tecnología química para estudiantes de Química e Ingeniería / _cquinta edición corregida y aumentada por F.A. Henglein. |
| 250 |
_a2ª ed. española _btraducida por José Manuel Pertierra. |
||
| 260 |
_aBarcelona : _bManuel Marín, _c[1951] ( _fGráfs. Marina) |
||
| 300 |
_a909 p., 2 lám : _bil. ; _c26 cm. |
||
| 700 | 1 |
_aPertierra, José Manuel. _991409 |
|
| 852 |
_aES-MaACL _jE-1409 _bR.37061 |
||
| 999 |
_c79225 _d79225 |
||